00707 2200253 4500001002100000005001700021008004100038020002200079035002400101082001100125090002100136100002000157245010100177260004200278300002400320650002000344700001700364700001200381850000900393985000600402999001500408999001500423999001500438YOGYA-0209000007417520090227093800.0 ind  a978-979-22-3749-8 0010-020900000074175 a646.72 a646.72bSur ClT aSURYAWAN, Debby aCantik di segala usia ala Okky AsokawaticDebby Suryawan ; editor ThreesEmir ; ilustrasi Elofila aJakartabGramedia Pustaka Utamac2008 a63 hlmbilusc23 cm aKecantikan diri aEmir, Threes aElofita aBPAD a3 a08B0045553 a08B0045554 a08B0045555